Một số văn bản pháp qui về xử phạt vi phạm hành chính trong lĩnh vực thống kê
Sách trình bày một số văn bản pháp qui về xử phạt vi phạm hành chính trong lĩnh vực thống kê.
Wedi'i Gadw mewn:
| Awdur Corfforaethol: | |
|---|---|
| Fformat: | Llyfr |
| Iaith: | Undetermined |
| Cyhoeddwyd: |
Hà Nội
Thống kê
1999
|
| Pynciau: | |
| Tagiau: |
Ychwanegu Tag
Dim Tagiau, Byddwch y cyntaf i dagio'r cofnod hwn!
|
| Thư viện lưu trữ: | Trung tâm Học liệu Trường Đại học Cần Thơ |
|---|
| LEADER | 00827nam a2200217Ia 4500 | ||
|---|---|---|---|
| 001 | CTU_38337 | ||
| 008 | 210402s9999 xx 000 0 und d | ||
| 020 | |c 10000 | ||
| 082 | |a 310 | ||
| 082 | |b T455 | ||
| 110 | |a Tổng cục thống kê | ||
| 245 | 0 | |a Một số văn bản pháp qui về xử phạt vi phạm hành chính trong lĩnh vực thống kê | |
| 245 | 0 | |c Tổng cục thống kê | |
| 260 | |a Hà Nội | ||
| 260 | |b Thống kê | ||
| 260 | |c 1999 | ||
| 520 | |a Sách trình bày một số văn bản pháp qui về xử phạt vi phạm hành chính trong lĩnh vực thống kê. | ||
| 650 | |a Statistics | ||
| 650 | |x Law and legislation | ||
| 904 | |i Nguyễn Quang Điền, Năm | ||
| 980 | |a Trung tâm Học liệu Trường Đại học Cần Thơ | ||